[Event "16th Olomouc Open"]
[Site "Olomouc CZE"]
[Date "2013.08.03"]
[Round "3.5"]
[White "Kriebel,T"]
[Black "Siembab,B"]
[Result "1/2-1/2"]
[WhiteElo "2351"]
[BlackElo "2223"]

1.e4 d6 2.d4 Nf6 3.Nc3 e5 4.Nf3 Nbd7 5.Bc4 Be7 6.O-O O-O 7.Re1 a6 8.a4 b6
9.h3 Bb7 10.Ba2 b5 11.b4 bxa4 12.Ba3 a5 13.b5 c6 14.bxc6 Bxc6 15.d5 Bb7 16.Rb1 Ba6
17.Nb5 Bxb5 18.Rxb5 Rb8 19.Qd3 Qc7 20.Reb1 Rxb5 21.Rxb5 Rb8 22.Rxb8+ Qxb8
23.Qc4 Nb6 24.Qc6 Nxe4 25.Nxe5 Bf6 26.f3 Bxe5 27.fxe4 g6 28.Bc1 Bd4+ 29.Kh2 Be5+
30.Kg1 Bd4+ 31.Kh2 Be5+ 32.Kg1  1/2-1/2

[Event "5th Rethymno Open"]
[Site "Rethymno GRE"]
[Date "2013.08.03"]
[Round "8.22"]
[White "Serntedakis,A"]
[Black "Flaata,A"]
[Result "0-1"]
[WhiteElo "1972"]
[BlackElo "2103"]

1.e4 d6 2.Nc3 Nf6 3.d4 e5 4.dxe5 dxe5 5.Qxd8+ Kxd8 6.Bc4 Ke8 7.f3 Bc5 8.Nge2 c6
9.a4 a5 10.Nd1 Ke7 11.Be3 Nbd7 12.Bxc5+ Nxc5 13.Ne3 g6 14.b3 Nfd7 15.Nc1 Nb6
16.Be2 Be6 17.Nd3 Nxd3+ 18.Bxd3 Rhd8 19.O-O-O h5 20.Kb2 Kf6 21.g3 h4 22.Be2 Rxd1
23.Nxd1 Rh8 24.Nf2 g5 25.g4 Nd7 26.Nd1 Nf8 27.Ne3 Ng6 28.Bc4 h3 29.Bxe6 fxe6
30.Nc4 Ra8 31.Rd1 Ke7 32.Rd3 b5 33.Nd2 Nf4 34.Re3 Rd8 35.Kc1 bxa4 36.bxa4 Rd4
37.c4 Nd3+ 38.Kc2 Nc5 39.Rc3 Nxa4 40.Ra3 Nb6 41.c5 Rxd2+ 42.Kc3 Nc4 43.Kxc4 Rxh2
44.Rxa5 Rf2 45.Ra7+ Kf6 46.Rh7 Rxf3 47.Kb4 Re3 48.Ka4 Rxe4+ 49.Ka5 Rxg4 50.Rxh3 Rc4
51.Kb6 g4 52.Rh8 e4 53.Kxc6 e3 54.Rh6+ Ke5 55.Rh5+ Kf4  0-1

[Event "9th Tabor Open 2013"]
[Site "Tabor CZE"]
[Date "2013.08.03"]
[Round "8.2"]
[White "Yagupov,I"]
[Black "Pribyl,Jo"]
[Result "1-0"]
[WhiteElo "2389"]
[BlackElo "2318"]

1.e4 d6 2.d4 Nf6 3.Nc3 e5 4.Nf3 Nbd7 5.Bc4 Be7 6.O-O O-O 7.a4 c6 8.Re1 b6
9.Ba2 a6 10.h3 Rb8 11.Be3 b5 12.axb5 axb5 13.b4 Qc7 14.Bb3 h6 15.Qe2 Re8
16.d5 Bb7 17.Ra5 Ra8 18.Rea1 Rxa5 19.bxa5 Ra8 20.dxc6 Bxc6 21.Nxb5 Qb7 22.Nc3 Qb4
23.Bd2 Bd8 24.a6 Nxe4 25.Nd5 Qb5 26.Qxe4 Nc5 27.Qc4 Nxb3 28.Qxb5 Bxb5 29.cxb3 Rxa6
30.Rxa6 Bxa6 31.Bb4  1-0

[Event "100th ch-GBR 2013"]
[Site "Torquay ENG"]
[Date "2013.08.03"]
[Round "6.14"]
[White "Flear,G"]
[Black "Shaw,P"]
[Result "1-0"]
[WhiteElo "2456"]
[BlackElo "2164"]

1.d4 d6 2.e4 Nf6 3.Nc3 e5 4.Nf3 Nbd7 5.Bc4 Be7 6.O-O O-O 7.Re1 c6 8.a4 b6
9.b3 a6 10.Bb2 Bb7 11.Qd2 b5 12.Bd3 Qc7 13.Ne2 Rfe8 14.Ng3 Bf8 15.c4 b4 16.c5 dxc5
17.dxe5 Ng4 18.e6 Rxe6 19.Bc4 Ree8 20.Rad1 Nde5 21.Nxe5 Nxe5 22.Qf4 Rac8
23.Bxe5 Rxe5 24.Bxf7+ Kh8 25.Bc4 Rce8 26.f3 Bc8 27.Rd3 Be7 28.Qd2 Bh4 29.Rd1 a5
30.Nf1 Bf6 31.Qf4 Qe7 32.Rd6 Rh5 33.Rxc6 Bd4+ 34.Rxd4 cxd4 35.Bf7 Rh4 36.Qc7 Qxc7
37.Rxc7 Rd8 38.Nd2 Ba6 39.Bd5 g5 40.Ra7 Rh6 41.Kf2 Rc8 42.Kg3 Rc2 43.e5 Bc8
44.Re7 Ra6 45.Ne4 Bf5 46.Nf6 d3 47.Be4 Bxe4 48.fxe4 Rxf6 49.exf6 Kg8 50.Rd7 Rc3
51.e5 d2+ 52.Kg4 Re3 53.Kf5  1-0

[Event "HZ Open 2013"]
[Site "Vlissingen NED"]
[Date "2013.08.03"]
[Round "1.42"]
[White "Zwirs,Nico"]
[Black "Deketelaere,Francky"]
[Result "1-0"]
[WhiteElo "2250"]
[BlackElo "1827"]

1.e4 d6 2.d4 Nf6 3.Nc3 e5 4.Nf3 Nbd7 5.Bc4 h6 6.O-O Be7 7.a4 O-O 8.dxe5 Nxe5
9.Nxe5 dxe5 10.Qf3 Bd6 11.h3 Qe7 12.Ne2 Be6 13.Bd3 Nh7 14.Ng3 Qf6 15.Qe2 Qg6
16.a5 a6 17.Bd2 Bc5 18.Kh2 Rad8 19.f4 Rxd3 20.cxd3 exf4 21.Bxf4 Bd6 22.Bxd6 cxd6
23.Qh5 Qxh5 24.Nxh5 Bd7 25.Rac1 Bc6 26.h4 Re8 27.Ng3 Nf6 28.Nf5 Ng4+ 29.Kg3 h5
30.Nd4 Rc8 31.Rc3 Ne5 32.Nf5 Rc7 33.d4  1-0

[Event "Arad Open 2013"]
[Site "Arad ROU"]
[Date "2013.08.04"]
[Round "2.7"]
[White "Tarleva,V"]
[Black "Kasparov,S"]
[Result "1/2-1/2"]
[WhiteElo "2115"]
[BlackElo "2484"]

1.e4 d6 2.d4 Nf6 3.Nc3 Nbd7 4.f4 e5 5.Be3 Be7 6.Qf3 c6 7.O-O-O Qa5 8.Be2 b5
9.fxe5 dxe5 10.dxe5 Nxe5 11.Qg3 Ng6 12.e5 Nd7 13.e6 fxe6 14.Bh5 O-O 15.Bxg6 hxg6
16.Kb1 b4 17.Nce2 Nf6 18.Qxg6 Qf5 19.Qxf5 exf5 20.Nh3 Be6 21.Nhf4 Bd5 22.Nd4 Ng4
23.Nxd5 cxd5 24.Bg1 Rac8  1/2-1/2

[Event "Politiken Cup 2013"]
[Site "Helsingor DEN"]
[Date "2013.08.04"]
[Round "10.95"]
[White "Moller,A"]
[Black "Svedberg,H"]
[Result "0-1"]
[WhiteElo "1860"]
[BlackElo "2011"]

1.e4 d6 2.d4 Nf6 3.Nc3 e5 4.dxe5 dxe5 5.Qxd8+ Kxd8 6.Bc4 Ke8 7.Nf3 Bd6 8.h3 Nbd7
9.O-O h6 10.a3 Nf8 11.Re1 c6 12.b4 b5 13.Bxb5 cxb5 14.Nxb5 Bb8 15.Bb2 Ng6
16.c4 Ba6 17.a4 Bxb5 18.axb5 Kd7 19.c5 Bc7 20.Red1+ Ke7 21.Ra6 Rhb8 22.Rda1 Rxb5
23.Rxa7 Rxa7 24.Rxa7 Kd8 25.Ba3 Nxe4 26.h4 Nf4 27.g3 Nd3 28.Ra8+ Bb8 29.Kf1 f6
30.Ke2 Nxb4 31.Bxb4 Rxb4 32.c6 Kc7 33.Ke3 Nd6  0-1

[Event "16th Olomouc Open"]
[Site "Olomouc CZE"]
[Date "2013.08.04"]
[Round "4.13"]
[White "Jasny,S"]
[Black "Kleinschroth,R"]
[Result "1-0"]
[WhiteElo "2311"]
[BlackElo "2104"]

1.e4 d6 2.d4 Nf6 3.Nc3 Nbd7 4.Nf3 e5 5.Bc4 Be7 6.O-O c6 7.a4 h6 8.Re1 Qc7
9.Ba2 g5 10.dxe5 dxe5 11.Nd2 Nf8 12.Nf1 Ng6 13.g3 Rg8 14.Kh1 Bh3 15.f3 Rd8
16.Qe2 Qc8 17.Ne3 b6 18.Nf5 Bxf5 19.exf5 Qxf5 20.Ne4 Nd5 21.Bd2 Kf8 22.Rad1 Kg7
23.c4 Nb4 24.Bb1 Qc8 25.Bc3 c5 26.f4 gxf4 27.gxf4 f5 28.Ng3 Qc6+ 29.Kg1 Kf7
30.Qh5 Rxd1 31.Rxd1 Kf8 32.Qxf5+ Ke8 33.fxe5 Nh4 34.Qh5+ Ng6 35.Be4 Qe6 36.Bf5 Qc6
37.e6  1-0

[Event "5th Rethymno Open"]
[Site "Rethymno GRE"]
[Date "2013.08.04"]
[Round "9.6"]
[White "Ashwin,J"]
[Black "David,Alb"]
[Result "0-1"]
[WhiteElo "2470"]
[BlackElo "2589"]

1.d4 d6 2.e4 Nf6 3.Nc3 Nbd7 4.g4 h6 5.f3 c6 6.Be3 b5 7.Qd2 Qa5 8.Nge2 e5
9.h4 b4 10.Nd1 d5 11.Nf2 c5 12.g5 cxd4 13.gxf6 dxe3 14.Qxe3 Nxf6 15.exd5 Qxd5
16.Nd3 Bd6 17.Rg1 Bb7 18.Rxg7 Qxf3 19.Qg1 Qd5 20.Bg2 e4 21.Qf2 Be7 22.Ndf4 Qa5
23.Bh3 Rd8 24.Qg3 Rd6 25.Ng6 Nh5 26.Qf2 Nxg7 27.Nxh8 Bf6 28.Kf1 Nh5 29.Qg2 Bxh8
30.Qg8+ Ke7 31.Qxh8 Rf6+ 32.Ke1 Qc5 33.Kd2 e3+ 34.Kc1 Qd6 35.a3 Be4 36.Qc8 Qd2+
37.Kb1 Rc6 38.Qb7+ Kf6 39.Qxb4 Qxc2+ 40.Ka2 Bd5+  0-1

[Event "XXII TCh-MKD 2013"]
[Site "Struga MKD"]
[Date "2013.08.04"]
[Round "7.6"]
[White "Ranic,Viktor"]
[Black "Stojanovski,D"]
[Result "0-1"]
[WhiteElo "1927"]
[BlackElo "2439"]

1.e4 d6 2.d4 Nf6 3.Nc3 e5 4.dxe5 dxe5 5.Qxd8+ Kxd8 6.Bg5 Be6 7.Nd5 Nd7 8.O-O-O Bd6
9.c4 h6 10.Bxf6+ gxf6 11.Ne2 c6 12.Ne3 Bc5 13.Ng3 Bxe3+ 14.fxe3 h5 15.Be2 h4
16.Nf1 Ke7 17.Nd2 a5 18.Rhg1 Nc5 19.g3 hxg3 20.hxg3 Rh2 21.Bf3 Rd8 22.Rg2 Rxg2
23.Bxg2 Bg4 24.Rh1 Nd3+ 25.Kc2 Nb4+ 26.Kc1 Nxa2+ 27.Kc2 Nb4+ 28.Kc1 a4 29.Bh3 Nd3+  0-1

[Event "HZ Open 2013"]
[Site "Vlissingen NED"]
[Date "2013.08.04"]
[Round "3.10"]
[White "Huschenbeth,N"]
[Black "Colijn,S"]
[Result "1-0"]
[WhiteElo "2542"]
[BlackElo "2276"]

1.e4 d6 2.d4 Nf6 3.Nc3 c6 4.f4 Qa5 5.Bd3 e5 6.Nf3 Bg4 7.Be3 Nbd7 8.O-O Be7
9.h3 Bxf3 10.Qxf3 O-O 11.Ne2 Rfe8 12.c3 Bf8 13.g4 Re7 14.Ng3 g6 15.dxe5 dxe5
16.g5 Ne8 17.f5 Nd6 18.f6 Ree8 19.h4 Red8 20.h5 Kh8 21.Kg2 c5 22.Rh1 Nb6
23.Qg4 Qa4 24.hxg6 fxg6 25.Rxh7+ Kxh7 26.Qe6 Nf5 27.Qf7+  1-0

[Event "HZ Open 2013"]
[Site "Vlissingen NED"]
[Date "2013.08.04"]
[Round "3.40"]
[White "Herbold,M"]
[Black "Van Gemert,R"]
[Result "1-0"]
[WhiteElo "2140"]
[BlackElo "1902"]

1.e4 d6 2.d4 Nf6 3.Nc3 Nbd7 4.f4 e5 5.Nf3 c6 6.dxe5 dxe5 7.fxe5 Ng4 8.e6 fxe6
9.Ng5 Qf6 10.Qxg4 Ne5 11.Qf4  1-0

[Event "39th Badalona Open A"]
[Site "Badalona ESP"]
[Date "2013.08.05"]
[Round "4.6"]
[White "Perez Mitjans,O"]
[Black "Valdes,Le"]
[Result "1/2-1/2"]
[WhiteElo "2475"]
[BlackElo "2440"]

1.e4 d6 2.d4 Nf6 3.Nc3 e5 4.Nf3 exd4 5.Nxd4 Be7 6.Nde2 O-O 7.g3 Nbd7 8.Bg2 Rb8
9.O-O Re8 10.h3 Bf8 11.Re1 Nc5 12.Nd4 Bd7 13.a4 Qc8 14.Kh2 h6 15.b3 g6 16.Bb2 Bg7
17.Rb1 Ne6 18.Nxe6 Rxe6 19.Ne2 Re8 20.Qd3 a6 21.a5 Qd8 22.c4 Qe7 23.Nc3 b6
24.axb6 Rxb6 25.Qc2 Bc6 26.Re3 Qd8 27.Nd5 Bxd5 28.cxd5 Re7 29.Rc1 Qf8 30.e5 dxe5
31.Ba3 Ne8 32.Bxe7 Qxe7 33.Rc3 Qb4 34.Rb1 a5 35.Rc4 Qb5 36.Rc5 Qb4 37.Ra1 Qxb3
38.Qxb3 Rxb3 39.Raxa5 Bf8 40.Rcb5 Rxb5 41.Rxb5 Bd6 42.Kg1 Kf8 43.Kf1 Ke7
44.Ke2 f5 45.Kd3 e4+ 46.Kd4 Nf6 47.Bf1 Nd7 48.Bc4 Kf6 49.Ra5 Ke7 50.Bb3 Bb4
51.Ra2 Bc5+ 52.Kc4 Kd6 53.Kb5 Bb6 54.Bc4 Nf6 55.Rd2 g5 56.Bb3 Nd7 57.Bd1 Nf6
58.Kc4 Ke5 59.Ba4 f4 60.g4 f3 61.Bc6 Kd6 62.Rb2 h5 63.gxh5 Nxh5 64.Be8 Nf4
65.Rxb6+ cxb6 66.Kd4 Nxd5 67.Bb5 Nf6 68.Bc4 b5 69.Bxb5 Ke6 70.Bc6 Kf5 71.Bb7 Kf4
72.Bc6  1/2-1/2

[Event "I Vecindario GM"]
[Site "Vecindario ESP"]
[Date "2013.08.05"]
[Round "7.2"]
[White "Rudolf,An"]
[Black "Barlov,D"]
[Result "1/2-1/2"]
[WhiteElo "2301"]
[BlackElo "2449"]

1.e4 d6 2.d4 Nf6 3.Nc3 Nbd7 4.Nf3 e5 5.Bc4 Be7 6.a4 O-O 7.O-O c6 8.a5 Qc7
9.Qe2 b5 10.axb6 Nxb6 11.Bb3 Bg4 12.dxe5 dxe5 13.h3 Bh5 14.Bg5 Kh8 15.Qe3 Nbd7
16.Na4 Bg6 17.Nd2 h6 18.Bh4 Nd5 19.Bxd5 Bxh4 20.Qc3 Rfc8 21.Bb3 Be7 22.Rfd1 Rab8
23.Qe3 Bg5 24.Qc3 Be7 25.Qe3 Rb4 26.Bc4 Rbb8 27.Nb3 Nb6 28.Ba6 Rd8 29.Nac5 Rxd1+
30.Rxd1 Rd8 31.Rxd8+ Bxd8 32.Be2 Be7 33.Qd3 Bd6 34.Qc3 Qe7 35.Bd3 f6 36.Qa5 Bf7
37.Qc3 Kh7 38.Be2 Kh8 39.Bd3 Bg6 40.Qa5 Bh7 41.Qc3 Bg8 42.Be2 Nc8 43.Bg4 Nb6
44.Be2 Bf7 45.Bd3 Nc8 46.Ba6 Nb6 47.Bd3 Bg6 48.Qa5 Bf7 49.Qc3 Be8 50.Be2 Bf7
51.Bd3  1/2-1/2

[Event "HZ Open 2013"]
[Site "Vlissingen NED"]
[Date "2013.08.05"]
[Round "4.32"]
[White "Ducarmon,R"]
[Black "Sibriaev,A"]
[Result "0-1"]
[WhiteElo "2024"]
[BlackElo "2239"]

1.e4 d6 2.d4 Nf6 3.Nc3 e5 4.dxe5 dxe5 5.Qxd8+ Kxd8 6.Bg5 c6 7.O-O-O+ Kc7
8.f4 Nbd7 9.f5 Bb4 10.Bd3 Ng4 11.Rf1 b5 12.h3 Ngf6 13.Bd2 Bc5 14.Nf3 Bb7
15.g4 a6 16.Ne2 Bd6 17.Ba5+ Nb6 18.Ng3 c5 19.Rd1 Rad8 20.c3 Kc6 21.Rd2 Bc7
22.Rhd1 h6 23.b3 Rhe8 24.Be2 Rxd2 25.Rxd2 Nc8 26.Bxc7 Kxc7 27.Bd3 Nd6 28.Re2 g6
29.Nh4 Rg8 30.Kb2 gxf5 31.Nhxf5 h5 32.Nxh5 Nxh5 33.gxh5 Nxf5 34.exf5 f6 35.Be4 Rh8
36.Bxb7 Kxb7 37.Re3 Rxh5 38.Rf3 Kc6 39.c4 bxc4 40.bxc4 Rh4 41.Kc3 e4 42.Rg3 Kd6
43.Kd2 Ke5 44.Ke3 Kxf5 45.a3 Ke5 46.a4 f5  0-1

[Event "Chinese Teams 2013"]
[Site "Wuxi CHN"]
[Date "2013.08.05"]
[Round "10.2"]
[White "Ma,Zhonghan"]
[Black "Motylev,A"]
[Result "1/2-1/2"]
[WhiteElo "2401"]
[BlackElo "2663"]

1.d4 d6 2.e4 Nf6 3.Nc3 e5 4.Nf3 Nbd7 5.Bc4 Be7 6.dxe5 dxe5 7.Bxf7+ Kxf7 8.Ng5+ Kg8
9.Ne6 Qe8 10.Nxc7 Qg6 11.Nxa8 Qxg2 12.Rf1 Nc5 13.Qe2 Bh3 14.Be3 Qxf1+ 15.Qxf1 Bxf1
16.Kxf1 Kf7 17.Nc7 Ncxe4 18.Nxe4 Nxe4 19.Nd5 Rc8 20.Nxe7 Kxe7 21.Re1 Rxc2
22.Bxa7 Nd2+ 23.Kg2 Kf6 24.Bb8 e4 25.Re2 Rxb2 26.Bf4 Nc4 27.Rxe4 Rc2 28.a4 g5
29.Bg3 h5 30.h3  1/2-1/2

[Event "100th ch-GBR 2013"]
[Site "Torquay ENG"]
[Date "2013.08.06"]
[Round "8.25"]
[White "Mason,D"]
[Black "Ball,Laurence"]
[Result "1-0"]
[WhiteElo "2204"]
[BlackElo "2108"]

1.d4 d6 2.e4 Nf6 3.Nc3 e5 4.Nf3 exd4 5.Qxd4 Be7 6.Bg5 O-O 7.O-O-O Nc6 8.Qd2 Be6
9.Bd3 a6 10.Rhe1 Ne5 11.Kb1 b5 12.Bxf6 Nxf3 13.gxf3 Bxf6 14.f4 Bg4 15.Be2 Bxc3
16.Qxc3 Bxe2 17.Rxe2 Qe7 18.Rg1 f6 19.f3 Kh8 20.Reg2 Rg8 21.Qc6 Qf7 22.Rxg7 Qh5
23.a3 Qxh2 24.R1g2 Qxf4 25.Rxh7+ Kxh7 26.Qd7+ Rg7 27.Qxg7+  1-0

[Event "100th ch-GBR 2013"]
[Site "Torquay ENG"]
[Date "2013.08.06"]
[Round "8.29"]
[White "Horton,Andrew P"]
[Black "Shaw,P"]
[Result "1-0"]
[WhiteElo "2032"]
[BlackElo "2164"]

1.e4 d6 2.d4 Nf6 3.Nc3 c6 4.g3 Nbd7 5.Bg2 e5 6.Nge2 Be7 7.O-O O-O 8.a4 b6
9.h3 Bb7 10.Re1 a6 11.g4 b5 12.Ng3 b4 13.Nce2 Ne8 14.Nf5 Bf6 15.g5 Bxg5 16.Bxg5 Qxg5
17.dxe5 g6 18.f4 Qd8 19.Nxd6 Qb6+ 20.Kh2 Rd8 21.Nxb7 Qxb7 22.Qd3 Ng7 23.Rad1 Ne6
24.Qe3 Nb6 25.b3 Qc7 26.Kh1 c5 27.Bf3 Rxd1 28.Rxd1 Rd8 29.Rd3 a5 30.Qd2 Rxd3
31.Qxd3 Qd8 32.Qd6 Nc8 33.Qxd8+ Nxd8 34.Bg4 Ne7 35.Bd7 g5 36.Nc1 gxf4 37.Nd3 Ng6
38.Kg2 Kf8 39.Kf3 Ke7 40.Bf5 Nc6 41.Bxg6 hxg6 42.Kxf4 c4 43.bxc4 Nd4 44.Nc1 Nxc2
45.Nb3 Kd7 46.c5 Kc6 47.Kg5 Ne1 48.Kf6 Nd3 49.Kxf7 Nxe5+ 50.Kf6 Nd7+ 51.Kxg6 Nxc5
52.Nxa5+ Kd7 53.h4 Nxa4 54.h5 Nc5 55.h6 Ne6 56.Kf6 Nf8 57.Nb3 Nh7+ 58.Kg7 Ng5
59.Kg6 Ne6 60.Nc5+ Kd6 61.Nxe6 b3 62.Nd4 b2 63.Nb5+  1-0

[Event "Arad Open 2013"]
[Site "Arad ROU"]
[Date "2013.08.07"]
[Round "7.3"]
[White "Marinescu,Mi"]
[Black "Czebe,A"]
[Result "0-1"]
[WhiteElo "2169"]
[BlackElo "2467"]

1.e4 d6 2.d4 Nf6 3.Nc3 e5 4.dxe5 dxe5 5.Qxd8+ Kxd8 6.Bc4 Ke8 7.Nd5 Nxd5 8.Bxd5 c6
9.Bb3 Nd7 10.Nf3 f6 11.Be3 Bc5 12.Be6 Bxe3 13.fxe3 Nc5 14.Bf5 Ke7 15.Nd2 g6
16.Bxc8 Raxc8 17.a4 a5 18.Ke2 Rhd8 19.Rhd1 Ra8 20.b3 Rd7 21.Ke1 Rdd8 22.Ke2 b5
23.axb5 cxb5 24.Ra2 Ra6 25.Rda1 Rad6 26.Nf1 a4 27.Kf3 Rd1 28.b4 Na6 29.c3 R1d3
30.c4 Nxb4 31.Rb2 Rb3 32.Rxb3 axb3 33.cxb5 Nd3 34.Nd2 b2 35.Rb1 Rb8 36.Ke2 Nc1+
37.Kd1 Rxb5 38.Kc2 Rc5+ 39.Kxb2 Nd3+ 40.Kb3 Rc7 41.Ra1 Kf7 42.Ra5 Nc5+ 43.Kb4 Rd7
44.Kxc5 Rxd2 45.Ra7+ Kg8 46.g4 Rxh2 47.Kd5 Rf2 48.Ke6 h5 49.gxh5 gxh5 50.Ra1 Kg7
51.Rg1+ Kh6 52.Rh1 Rf3 53.Kf7 Kg5 54.Rg1+ Kh4 55.Kg6 Rg3+  0-1

[Event "Arad Open 2013"]
[Site "Arad ROU"]
[Date "2013.08.07"]
[Round "7.17"]
[White "Doros,R"]
[Black "Samu,S"]
[Result "1-0"]
[WhiteElo "2307"]
[BlackElo "2143"]

1.e4 c6 2.d4 d6 3.Nc3 Nf6 4.f4 g6 5.Nf3 Bg7 6.Bd3 O-O 7.O-O Na6 8.Kh1 Nc7
9.Qe1 b5 10.a3 Bb7 11.e5 Nfd5 12.f5 Nxc3 13.bxc3 c5 14.e6 c4 15.Be4 Bxe4
16.Qxe4 gxf5 17.exf7+ Rxf7 18.Qc6 Rb8 19.Ng5 Rf6 20.Qf3 h6 21.Nh3 e5 22.a4 b4
23.cxb4 Rxb4 24.Ba3 Rxa4 25.dxe5 dxe5 26.Be7 Qxe7 27.Rxa4 Qc5 28.Qc3 Ne6
29.Rxc4 Qd5 30.Ra4 Rf7 31.Qc8+ Bf8 32.Ra6 Nd4 33.c4 Qb7 34.Qxb7 Rxb7 35.Ra5 Re7
36.Rd5 Kg7 37.Rd1 Kf6 38.Nf4 Rc7 39.R5xd4 exf4 40.Rxf4 Ke5 41.g3 a5 42.Rd5+ Ke6
43.Rxa5 Bc5 44.Kg2 Rc6 45.Ra1 Bd6 46.Rh4 Bf8 47.Re1+ Kf6 48.Rf1 Kg5 49.Rhf4 Rc5
50.g4 fxg4 51.Rxf8 Rxc4 52.R8f5+ Kh4 53.R5f4 Rc3 54.Re4 h5 55.Rfe1 Rb3 56.R4e3 Rb6
57.h3 Rb2+ 58.R1e2 Rb1 59.Re4 Rb3 60.hxg4 hxg4 61.R2e3 Rb2+ 62.Kf1 Rc2 63.Rd4 Rc1+
64.Ke2 Rc2+ 65.Kd3 Rc8 66.Rd7 Rh8 67.Rg7 Ra8 68.Re4 Ra3+ 69.Kd4 Ra4+ 70.Ke5 Ra1
71.Kf5 Rf1+ 72.Rf4  1-0

[Event "11th Davos Holiday Open 2013"]
[Site "Davos SUI"]
[Date "2013.08.08"]
[Round "3.5"]
[White "Sayadyan,Edvard"]
[Black "Gentili,G"]
[Result "0-1"]
[WhiteElo "1953"]
[BlackElo "2134"]

1.e4 d6 2.d4 Nf6 3.Nc3 e5 4.Nf3 Nbd7 5.g4 g6 6.g5 Nh5 7.Be3 c6 8.Qd2 Qc7
9.O-O-O Be7 10.Bd3 O-O 11.Ne2 c5 12.dxc5 Nxc5 13.Nc3 Be6 14.Be2 Rfc8 15.Nd5 Bxd5
16.exd5 Rab8 17.Kb1 b5 18.Ne1 Nf4 19.Bxf4 exf4 20.Qxf4 Bf8 21.Nf3 Bg7 22.Nd4 Na4
23.c3 Nxb2 24.Rc1 Nc4 25.Nc6 Na3+ 26.Kb2 b4 27.Kb3 bxc3+ 28.Kxa3 Rb2 29.Qc4 Re8
30.Rhe1 Reb8 31.Bg4 Qb6 32.Bc8 Rxa2+ 33.Qxa2 Bd4 34.Rxc3 Bxc3 35.Rb1 Qxb1
36.Qxb1 Rxb1 37.Nxa7 Ra1+  0-1

[Event "22nd Kavala Open 2013"]
[Site "Kavala GRE"]
[Date "2013.08.08"]
[Round "4.3"]
[White "Bulmaga,I"]
[Black "Nevednichy,V"]
[Result "1/2-1/2"]
[WhiteElo "2410"]
[BlackElo "2573"]

1.e4 d6 2.d4 Nf6 3.Nc3 e5 4.Nf3 Nbd7 5.Bc4 Be7 6.O-O exd4 7.Qxd4 O-O 8.Re1 a6
9.a4 Ne5 10.Nxe5 dxe5 11.Qxd8 Rxd8 12.Nd5 Nxd5 13.Bxd5 a5  1/2-1/2

[Event "16th Olomouc Open"]
[Site "Olomouc CZE"]
[Date "2013.08.08"]
[Round "9.18"]
[White "Romanov,Se1"]
[Black "Beil,Z"]
[Result "1-0"]
[WhiteElo "2091"]
[BlackElo "2238"]

1.e4 d6 2.d4 Nf6 3.Nc3 c6 4.Nf3 g6 5.a4 Bg7 6.Bc4 O-O 7.h3 d5 8.exd5 cxd5
9.Bd3 Nc6 10.O-O Bf5 11.Bxf5 gxf5 12.Ne2 Nh5 13.Bd2 Qd7 14.Qc1 Kh8 15.Bh6 Qe6
16.Bxg7+ Nxg7 17.Re1 Qf6 18.Qd2 Rad8 19.b4 b6 20.c3 Ne8 21.Nf4 e6 22.Qe2 Qh6
23.g3 Nd6 24.Nd2 Ne4 25.Nxe4 fxe4 26.Red1 Rd7 27.a5 bxa5 28.b5 Ne7 29.Rxa5 Rc7
30.Rda1 Nc8 31.Qe3 Qg5 32.Nxd5 Qxe3 33.Nxe3 Rxc3 34.d5 exd5 35.Nxd5 Rb3 36.R1a3 Rb1+
37.Kg2 f5 38.Rc3 Rd8 39.Ne3 Nd6 40.Rc7 Nxb5 41.Rb7 Nc3 42.Rxb1 Nxb1 43.Rxa7 f4
44.gxf4 Nd2 45.Kg3 Rg8+ 46.Kh4 Nf3+ 47.Kh5 Rf8 48.f5 Nd4 49.Kh6 Rf6+ 50.Kg5 Rb6
51.Kf4 Rh6 52.Kxe4 Rh4+ 53.Kd5 Nf3 54.f6 Rd4+ 55.Ke6 h5 56.f7 Rf4 57.Ra8+  1-0

[Event "16th Olomouc Open"]
[Site "Olomouc CZE"]
[Date "2013.08.08"]
[Round "9.9"]
[White "Schmid,T1"]
[Black "Sergienko,S"]
[Result "0-1"]
[WhiteElo "2197"]
[BlackElo "2379"]

1.e4 d6 2.d4 Nf6 3.Nc3 e5 4.dxe5 dxe5 5.Qxd8+ Kxd8 6.Nf3 Bd6 7.Bg5 Be6 8.O-O-O Ke7
9.Nd5+ Bxd5 10.exd5 h6 11.Bxf6+ Kxf6 12.Bd3 Nd7 13.Nd2 g6 14.Ne4+ Kg7 15.g4 a6
16.h4 h5 17.g5 Rad8 18.c4 Bc5 19.Kc2 Bd4 20.Rh2 c6 21.dxc6 bxc6 22.b4 a5
23.b5 cxb5 24.cxb5 Nb6 25.f3 Nd5 26.Kb3 Ne3 27.Rc1 Bb6 28.Bb1 Nf5 29.Rf1 Rd4
30.a3 Rc8 31.Kb2 Rd5 32.a4 Rd4 33.Nc3 Rb4+  0-1

[Event "100th ch-GBR 2013"]
[Site "Torquay ENG"]
[Date "2013.08.08"]
[Round "10.12"]
[White "Horton,Andrew P"]
[Black "Chapman,T"]
[Result "1/2-1/2"]
[WhiteElo "2032"]
[BlackElo "2308"]

1.e4 d6 2.d4 Nf6 3.Nc3 c6 4.g3 e5 5.Nge2 b5 6.a3 Be7 7.Bg2 O-O 8.O-O Nbd7
9.h3 a5 10.g4 Ba6 11.b4 Nb6 12.Ng3 Bb7 13.Rb1 Re8 14.f4 Nc4 15.Kh2 h6 16.Nf5 Bf8
17.g5 hxg5 18.fxg5 Nh7 19.Qh5 g6 20.Nh6+ Bxh6 21.Qxh6 Qe7 22.d5 axb4 23.Rxb4 Nxa3
24.dxc6 Bxc6 25.Nd5 Bxd5 26.exd5 Qf8 27.Qxf8+ Rxf8 28.c3 Ra5 29.Bxa3 Rxa3
30.h4 Rxc3 31.Rxb5 f6 32.Rb6 fxg5  1/2-1/2

[Event "HZ Open 2013"]
[Site "Vlissingen NED"]
[Date "2013.08.08"]
[Round "7.10"]
[White "Mostertman,M"]
[Black "Zaragatski,I"]
[Result "1/2-1/2"]
[WhiteElo "2280"]
[BlackElo "2505"]

1.e4 d6 2.d4 Nf6 3.Nc3 e5 4.Nf3 Nbd7 5.Bc4 Be7 6.O-O O-O 7.Re1 c6 8.a4 exd4
9.Nxd4 Ne5 10.Bb3 Re8 11.h3 Bf8 12.Bg5 h6 13.Bh4 Ng6 14.Bg3 Qa5 15.Qd2 Bd7
16.Rad1 Qb4 17.Nf3 Ne5 18.Qd4 Nxf3+ 19.gxf3 d5 20.Qxb4 Bxb4 21.exd5 Rxe1+
22.Rxe1 Nxd5 23.Rd1 Bxc3 24.bxc3 Bxh3 25.Bxd5 cxd5 26.Rxd5 Be6 27.Rb5 Bd7
28.Rb4 Bc6 29.Kg2 Re8 30.a5 a6 31.Rb2 g5 32.Rb4 Re2 33.Rd4 Kh7 34.Kf1 Bxf3
35.Rd3 g4 36.Rd7 Kg6 37.Rxb7 Rxf2+ 38.Kxf2 Bxb7 39.Ke3 Kg5 40.Bf4+ Kh4 41.Bxh6 g3
42.Bf4 Bd5 43.Bc7 Kg4 44.Bb8 Kh3 45.Bc7 Kg2 46.Bb8 Kh2 47.c4 Bxc4 48.Kf3 Bd5+
49.Kg4 Be6+ 50.Kf3 Bd5+ 51.Kg4 Be6+ 52.Kf3  1/2-1/2

[Event "39th Badalona Open A"]
[Site "Badalona ESP"]
[Date "2013.08.10"]
[Round "9.9"]
[White "Cori Quispe,Kevin"]
[Black "Valdes,Le"]
[Result "0-1"]
[WhiteElo "2154"]
[BlackElo "2440"]

1.e4 d6 2.d4 Nf6 3.Nc3 e5 4.Nf3 Nbd7 5.Bc4 Be7 6.O-O O-O 7.a4 c6 8.a5 Rb8
9.Qe2 b5 10.axb6 axb6 11.Rd1 Qc7 12.b4 b5 13.Bb3 exd4 14.Nxd4 Ne5 15.h3 Re8
16.Be3 Bf8 17.Qf1 Bd7 18.Ra6 Bc8 19.Raa1 h6 20.Rdb1 Bd7 21.Ra6 Rb7 22.Rd1 Qc8
23.Kh2 c5 24.bxc5 dxc5 25.Nf5 Bxf5 26.exf5 c4 27.Ba2 Qxf5 28.Bb1 Neg4+ 29.hxg4 Nxg4+
30.Kg1 Qe5 31.Qe1 Qh2+ 32.Kf1 Qh1+ 33.Ke2 Rxe3+  0-1

[Event "TCh-ESP CECLUB Div2"]
[Site "Ciudad Real ESP"]
[Date "2013.08.10"]
[Round "5.3"]
[White "Albaina Alvarez,A"]
[Black "Bestard Borras,M"]
[Result "1/2-1/2"]
[WhiteElo "2150"]
[BlackElo "2162"]

1.e4 d6 2.d4 Nf6 3.Nc3 e5 4.Nf3 Nbd7 5.Bc4 Be7 6.O-O O-O 7.Re1 c6 8.a4 b6
9.b3 a6 10.Ba3 Bb7 11.dxe5 dxe5 12.Bd6 b5 13.Bf1 Re8 14.Qd2 Bxd6 15.Qxd6 Qb6
16.a5 Qc5 17.Qxc5 Nxc5 18.Rad1 b4 19.Na2 Nfxe4 20.Nxb4 Nc3 21.Rd6 N3e4 22.Rdd1 Nc3
23.Rd6 N3e4 24.Rdd1 Nc3 25.Rd2 N3e4 26.Rde2 Nc3 27.Rd2 N5e4 28.Rdd1 Nc5  1/2-1/2

[Event "11th Davos Holiday Open 2013"]
[Site "Davos SUI"]
[Date "2013.08.10"]
[Round "5.3"]
[White "Paleologu,V"]
[Black "Gentili,G"]
[Result "0-1"]
[WhiteElo "2150"]
[BlackElo "2134"]

1.e4 d6 2.d4 Nf6 3.Nc3 e5 4.Nge2 Be7 5.g3 Nbd7 6.Bg2 c6 7.a4 a5 8.O-O Qc7
9.h3 h6 10.Be3 exd4 11.Bxd4 b6 12.Re1 O-O 13.g4 Re8 14.Ng3 Ne5 15.Nf5 Bf8
16.f4 Bxf5 17.exf5 Ned7 18.g5 hxg5 19.fxg5 Nh7 20.h4 Rxe1+ 21.Qxe1 Ne5 22.Qe3 Nc4
23.Qf3 d5 24.g6 Nf6 25.Bxf6 gxf6 26.Qh5 fxg6 27.Qxg6+ Qg7 28.Nxd5 Qxg6 29.fxg6 Kg7
30.b3 Ne5 31.Nf4 Bc5+ 32.Kf1 Re8 33.Be4 Ng4 34.Bxc6 Ne3+ 35.Ke2 Re6 36.Kd3 Ng4
37.Rf1 Nf2+ 38.Kc3 Ne4+ 39.Bxe4 Rxe4 40.h5 Bd6 41.h6+ Kxh6 42.Rh1+ Kg7 43.Rh7+ Kg8
44.Nd5 Be5+ 45.Kd3 Rd4+ 46.Ke3 Rxd5 47.Ke4 Rc5 48.c4 Rc7 49.Rh1 Rd7 50.Rh3 Rd4+
51.Kf5 Rf4+ 52.Ke6 Rg4 53.Rh7 Rxg6 54.Rb7 Bd4 55.Rd7 Bc5 56.Rd8+ Kh7 57.Kf5 Rg3
58.Kxf6 Rf3+ 59.Ke6 Re3+ 60.Kf5 Rxb3 61.Rd1 Ra3 62.Ke5 Rxa4 63.Kd5 Ra2 64.Rd3 Rh2
65.Kc6 a4 66.Rd1 a3 67.Kd5 a2 68.Ke4 Rh4+ 69.Kf5 Rxc4 70.Rd7+ Kg8 71.Ra7 Rc2
72.Ke4 Bf8 73.Ra8 Kf7 74.Ra7+ Be7 75.Kd3 Rh2 76.Kc3 a1=Q+  0-1

[Event "Stare Mesto Open 2013"]
[Site "Stare Mesto CZE"]
[Date "2013.08.10"]
[Round "2.14"]
[White "Stana,Ma"]
[Black "Pogan,N"]
[Result "0-1"]
[WhiteElo "1951"]
[BlackElo "2284"]

1.e4 d6 2.d4 Nf6 3.Nc3 e5 4.Nf3 Nbd7 5.Bc4 Be7 6.O-O O-O 7.Bb3 a6 8.Qe2 c6
9.Bg5 b5 10.Rad1 Qc7 11.a3 Bb7 12.Rd2 Rfe8 13.dxe5 dxe5 14.Rfd1 h6 15.Bh4 Bf8
16.h3 a5 17.Nxb5 cxb5 18.Qxb5 Bc6 19.Bxf7+ Kxf7 20.Qc4+ Kg6 21.Bg3 Rac8  0-1